Statistics for Every 10k+ City in Ohio on a Map

Click here to take the quiz!

General Stats

  • This quiz has been taken 96 times
  • The average score is 65 of 188

Answers on the Map

Answers color-coded by a green-red scale on the quiz's map according to % correct below.
 

Answer Stats

PopulationCity% Correct
372,624Cleveland
98%
905,748Columbus
98%
309,317Cincinnati
97%
270,871Toledo
93%
190,469Akron
90%
137,644Dayton
89%
70,872Canton
74%
60,068Youngstown
72%
58,662Springfield
70%
63,399Hamilton
67%
25,095Sandusky
67%
23,849Athens
64%
35,579Lima
62%
47,534Mansfield
61%
81,146Parma
61%
24,765Zanesville
61%
65,211Lorain
59%
49,934Newark
57%
45,312Cleveland Heights
56%
49,328Dublin
56%
22,059Chillicothe
54%
57,862Kettering
54%
30,808Bowling Green
52%
51,114Cuyahoga Falls
52%
40,552Lancaster
52%
25,441Xenia
52%
40,313Findlay
51%
17,975Ashtabula
49%
41,302Delaware
49%
52,656Elyria
49%
50,942Lakewood
49%
39,201Warren
49%
35,999Marion
48%
50,987Middletown
48%
27,232Wooster
48%
49,692Euclid
46%
37,114Hilliard
46%
13,385Marietta
46%
26,094Medina
46%
18,252Portsmouth
46%
46,491Strongsville
46%
11,092Van Wert
46%
35,726Gahanna
44%
27,475Green
44%
41,252Grove City
44%
28,215Kent
44%
23,035Oxford
44%
25,041Perrysburg
44%
17,066Defiance
43%
25,571Marysville
43%
32,146Massillon
43%
47,450Mentor
43%
18,161Steubenville
43%
39,190Westerville
43%
19,225Ashland
41%
46,549Beavercreek
41%
13,927Circleville
41%
13,792East Cleveland
41%
43,439Huber Heights
41%
17,677New Philadelphia
41%
10,279London
39%
34,792Mason
39%
41,076Reynoldsburg
39%
29,439Shaker Heights
39%
36,800Upper Arlington
39%
16,956Mount Vernon
38%
26,305Troy
38%
10,825New Albany
36%
23,094Pickerington
36%
19,011Sylvania
36%
17,953Tiffin
36%
14,786Worthington
36%
24,847Avon
34%
44,907Fairfield
34%
12,786Greenville
34%
10,571Ironton
34%
20,863Parma Heights
34%
34,228Westlake
34%
24,240Centerville
33%
12,318Conneaut
33%
19,923Miamisburg
33%
19,950Oregon
33%
14,163Powell
33%
20,127Whitehall
33%
21,672Alliance
31%
29,594Austintown
31%
11,684Bucyrus
31%
20,841Lebanon
31%
17,842North Canton
31%
20,589Sidney
31%
24,262Solon
31%
19,062Springboro
31%
34,483Stow
31%
11,115Urbana
31%
14,401Washington Court House
31%
25,206Avon Lake
30%
14,115Bellefontaine
30%
13,928Bexley
30%
35,426Brunswick
30%
11,050Coshocton
30%
15,930Fremont
30%
13,896Maumee
30%
18,443Niles
30%
20,312Painesville
30%
17,886Pataskala
30%
29,781Garfield Heights
28%
10,412Heath
28%
23,110Hudson
28%
17,068Norwalk
28%
20,354Piqua
28%
11,323Ravenna
28%
11,915Salem
28%
10,274Tipp City
28%
23,070Trotwood
28%
18,545Berea
26%
34,510Fairborn
26%
32,442North Olmsted
26%
31,322North Royalton
26%
19,043Norwood
26%
13,914University Heights
26%
15,209Vandalia
26%
23,959Willoughby
26%
12,664Wilmington
26%
10,089Cambridge
25%
10,935Celina
25%
24,007Wadsworth
25%
25,191Barberton
23%
13,394Blue Ash
23%
11,359Brooklyn
23%
13,112Dover
23%
11,690Franklin
23%
23,701Maple Heights
23%
20,351Mayfield Heights
23%
24,474Riverside
23%
21,883South Euclid
23%
17,239Aurora
21%
13,149Bedford
21%
13,635Brecksville
21%
18,595Brook Park
21%
13,463Englewood
21%
13,046Fostoria
21%
10,453Galion
21%
12,563Harrison
21%
35,280North Ridgeville
21%
21,755Rocky River
21%
12,681Amherst
20%
11,020Bedford Heights
20%
17,670Eastlake
20%
13,307Loveland
20%
12,168Macedonia
20%
11,673Norton
20%
11,007Springdale
20%
17,260Streetsboro
20%
10,063Struthers
20%
19,248Twinsburg
20%
10,659Vermilion
20%
16,163Bay Village
18%
14,040Beachwood
18%
19,936Broadview Heights
18%
14,050Lyndhurst
18%
10,853Montgomery
18%
11,720Seven Hills
18%
13,129West Carrollton
18%
17,291Fairview Park
16%
12,399Finneytown
16%
20,189Forest Park
16%
16,004Middleburg Heights
16%
15,412Monroe
16%
10,600Reading
16%
10,801Richmond Heights
16%
14,117Sharonville
16%
10,952Shiloh
16%
18,394Tallmadge
16%
13,021Trenton
16%
14,204Willowick
16%
12,301Dent
15%
11,088Mack
15%
13,789Warrensville Heights
15%
12,652Wickliffe
15%
12,575Amelia
13%
13,310Clayton
13%
13,877New Franklin
13%
19,541White Oak
13%
10,019Willoughby Hills
13%
14,731Bridgetown
11%
12,070Monfort Heights
11%
10,912Northbrook
8%
10,615Forestville
5%

Score Distribution

Percentile by Number Answered

Percent of People with Each Score

Your Score History

You have not taken this quiz